El habla del niño : aprendiendo a usar el lenguaje /

Guardado en:
Autor Principal: Bruner, Jerome
Formato: Libro
Publicado: Buenos Aires : Paidós, 1997
Series:Biblioteca Cognición y desarrollo humano
Materias:
Etiquetas: Agregar Etiqueta
Sin Etiquetas, Sea el primero en etiquetar este registro!
LEADER 00882nam a22002415a 4500
001 CEM.cems009631
005 20080725121352.0
008 130507s1997##################000#0#####d
003 CEMS
020 |a 9501252035 
082 0 4 |a 372.21 
100 1 |a Bruner, Jerome 
245 1 0 |a El habla del niño :  |b aprendiendo a usar el lenguaje /  |c Jerome Bruner 
260 |a Buenos Aires :  |b Paidós,  |c 1997 
300 |a 141 p. 
490 0 |a Biblioteca Cognición y desarrollo humano 
500 |a Red Federal de Formación Docente Continua 
505 0 |a De la comunicación al habla -- Jugar, juegos y lenguaje -- El crecimiento de la referencia -- El desarrollo de la petición -- Aprendiendo a hablar 
653 |a Educación 
653 |a Didáctica nivel inicial 
653 |a Educación preescolar 
653 |a Nivel incial 
859 |a CEMS  |b BIB. CEMS - 11 de abril  |h 372.21  |i B835  |p 19829.98  |t Ej.1